| 000 | 00712nam a2200205 a 4500 | ||
|---|---|---|---|
| 001 | 000032768 | ||
| 003 | OSt | ||
| 005 | 20201013103234.0 | ||
| 008 | 110726s1907 dr 000 0 spa d | ||
| 040 |
_aDO-SdBNP _bspa _cBNPHU |
||
| 049 | _aBNPD | ||
| 082 | 4 |
_a347.077 _bR426i |
|
| 110 | 1 |
_aRepública Dominicana _9447 _bComisión Mixta compuesta de la de Relaciones Exteriores y la de Hacienda |
|
| 245 | 1 | 0 | _aInforme sobre el laudo presentado al congreso nacional en su sesión del 15 de mayo de 1905. |
| 260 |
_aSanto Domingo : _bImp. La Cuna de América, _c1907. |
||
| 300 |
_a250 p. ; _c26 cm. |
||
| 650 | 4 |
_aLaudo arbitral _976859 |
|
| 650 | 4 |
_aDeuda externa _zRepública Dominicana _91783 |
|
| 942 |
_2ddc _cLF1 |
||
| 999 |
_c32259 _d32259 |
||